| 000 | 00685nam a22002053a 4500 | ||
|---|---|---|---|
| 005 | 20240924064307.0 | ||
| 008 | 010605s1995 es r 000 0 spa d | ||
| 020 | _a8487682235 | ||
| 035 | _aUPN01000107523 | ||
| 049 | _aCG | ||
| 050 | 4 |
_aLB2806.15 _bG6.38 |
|
| 100 | 1 |
_aGoodson, Ivor F., _d1945- _939265 |
|
| 245 | 1 | 0 |
_aHistoria del currículum : _bla construcción social de las disciplinas escolares / _cIvor F. Goodson ; tr. Joseph M. Aptelbaume. |
| 260 |
_aBarcelona, Esp. : _bPomares-Corredor, _c1995. |
||
| 300 | _a239 p. | ||
| 440 | 0 | _aEducación y conocimiento | |
| 650 | 4 |
_aEducación _vPlanes y programas _96413 |
|
| 650 | 4 |
_aEducación _zInglaterra _916656 |
|
| 905 | _aLibro | ||
| 999 |
_c81435 _d81435 |
||